| 000 | 01280cam a2200301 a 4500 | ||
|---|---|---|---|
| 001 | 6001 | ||
| 003 | FISKH | ||
| 005 | 20250310162054.0 | ||
| 008 | 990218s1999 nyu 000 1 eng d | ||
| 010 | _a 99236288 | ||
| 020 | _a0671027344 | ||
| 020 |
_a9781471116148 _c$15.00 |
||
| 040 |
_aNBPu _cNBPu _dCoD _dDLC _beng |
||
| 042 | _alccopycat | ||
| 050 | _aPN1997 .P466 | ||
| 082 | _a791.43 | ||
| 100 | 1 | _aChbosky, Stephen. | |
| 245 | 1 | 4 |
_aThe perks of being a wallflower / _cStephen Chbosky. |
| 260 |
_aSydney : _bSimon & Schuster, _c1999. |
||
| 300 |
_a231 pages : _c20 cm |
||
| 520 | _aBased on the wildly popular novel by Stephen Chbosky about a freshman named Charlie who is always watching from the sidelines until a pair of charismatic seniors takes him under their wing. Beautiful, free-spirited Sam and her fearless stepbrother Patrick shepherd Charlie through new friendships, first love, burgeoning sexuality, bacchanalian parties, midnight screenings of The Rocky Horror Picture Show and the quest for the perfect song. | ||
| 650 | _aWallflower | ||
| 650 |
_2Personal & Social Issues _vSelf-awareness _xSelf-esteem |
||
| 655 | 7 |
_aEpistolary fiction. _2gsafd |
|
| 906 |
_a7 _bcbc _ccopycat _d3 _encip _f19 _gy-gencatlg |
||
| 942 |
_2ddc _cBK _n0 |
||
| 999 |
_c6001 _d6001 |
||